Ethnicities of China - Statistics

General Stats
  • This quiz has been taken 241 times
  • The average score is 18 of 56
Answer Stats
Population Ethnicity % Correct
1,220,844,520 Han
95%
5,981,840 Mongol
82%
1,830,929 Korean
74%
6,282,187 Tibetan
74%
10,069,346 Uyghur
74%
10,387,958 Manchu
65%
1,462,588 Kazakh
62%
15,393 Russian
61%
289,565 Tu
60%
51,069 Tajik
55%
186,708 Kyrgyz
53%
9,426,007 Miao
53%
16,926,381 Zhuang
52%
10,569 Uzbek
50%
10,586,087 Hui
49%
1,436,064 Li
43%
8,714,393 Yi
41%
1,261,311 Dai
35%
2,879,974 Dong
34%
2,796,003 Yao
31%
1,933,510 Bai
29%
8,353,912 Tujia
29%
708,651 She
27%
429,709 Wa
27%
3,556 Tatar
26%
130,607 Salar
25%
1,660,932 Hani
22%
2,870,034 Bouyei
21%
702,839 Lisu
21%
14,378 Yugur
21%
621,500 Dongxiang
20%
30,875 Evenki
19%
326,295 Naxi
19%
37,523 Nu
19%
309,576 Qiang
19%
4,009 Gaoshan
18%
411,947 Sui
18%
131,992 Daur
17%
550,746 Gelao
17%
147,828 Jingpho
17%
8,659 Oroqen
17%
485,966 Lahu
16%
42,861 Pumi
16%
190,481 Xibe
16%
39,555 Achang
13%
119,639 Blang
13%
5,354 Hezhen
13%
3,682 Lhoba
13%
101,192 Maonan
13%
216,257 Mulao
13%
20,074 Bonan
12%
6,930 Derung
12%
23,143 Jino
12%
10,561 Monba
12%
20,556 De'ang
11%
28,199 Gin
11%
No matching quizzes found
Score Distribution
Percent of People with Each Score
Percentile by Number Answered
Your Score History
You have not taken this quiz